Číslicový kalibračný a registračný elektromer s DSP TMS 320 : Dipl.práca

Gespeichert in:
Bibliographische Detailangaben
1. Verfasser: Feranec, Róbert (Verfasst von)
Weitere Verfasser: Fuchs, Peter, 1959- (Betreuung Doktorarbeit)
Format: Manuskript Buch
Sprache:Slowakisch
Veröffentlicht: Bratislava : STU v Bratislave FEI, 1999
Schlagworte:
Tags: Tag hinzufügen
Keine Tags, Fügen Sie das erste Tag hinzu!

MARC

LEADER 00000ntm a22000003a 4500
001 stu52280
005 20160719164858.6
008 000228s1999----xo------------------slo-d
040 |a STU  |b slo 
041 0 |a slo 
044 |a xo 
100 1 |a Fuchs, Peter,  |d 1959-  |4 ths  |u E400  |U FEI Fakulta elektrotechniky a informatiky  |T FEI Ústav automobilovej mechatroniky  |X 1898  |U E400  |Y 642  |7 A000001898 
245 1 |a Číslicový kalibračný a registračný elektromer s DSP TMS 320 :  |b Dipl.práca 
260 |a Bratislava :  |b STU v Bratislave FEI,  |c 1999 
300 |a 76 s 
650 7 |a elektronika  |2 stusub 
700 1 |a Feranec, Róbert  |4 aut